Estudio de prefactibilidad de un sistema de taxi colectivo.
שמור ב:
| מחבר ראשי: | |
|---|---|
| פורמט: | ספר |
| יצא לאור: |
San José, Costa Rica
1986
|
| נושאים: | |
| תגים: |
הוספת תג
אין תגיות, היה/י הראשונ/ה לתייג את הרשומה!
|
MARC
| LEADER | 00000nam a2200000Ia 4500 | ||
|---|---|---|---|
| 003 | 004413 | ||
| 005 | 20221231144350.0 | ||
| 008 | 140114s1986 cr a m 000 ||s d | ||
| 040 | |c cru CEDI | ||
| 090 | |a TFG 2001 | ||
| 100 | |a Martínez Mesén, Jorge Alberto |9 13915 | ||
| 245 | |a Estudio de prefactibilidad de un sistema de taxi colectivo. | ||
| 260 | |c 1986 |a San José, Costa Rica | ||
| 300 | |a [196] hojas : ilustraciones ; 28 cm | ||
| 500 | |a Proyecto de graduación (licenciatura en ingeniería civil)--Universidad de Costa Rica. Facultad de Ingeniería. Escuela de Ingeniería Civil | ||
| 650 | |x TRANSPORTE URBANO - AREA METROPOLITANA DE SAN JOSE (COSTA RICA) |x TAXIS - COSTA RICA |9 13916 | ||
| 942 | |c TFG | ||
| 999 | |c 20779 |d 20779 | ||
